A voyage up the river Amazon, including a residence at Pará.
שמור ב:
| מחבר ראשי: | |
|---|---|
| פורמט: | ספר |
| שפה: | אנגלית |
| יצא לאור: |
London, England, United Kingdom
John Murray.
1847
|
| נושאים: | |
| תגים: |
הוספת תג
אין תגיות, היה/י הראשונ/ה לתייג את הרשומה!
|
MARC
| LEADER | 00000nam a2200000 a 4500 | ||
|---|---|---|---|
| 001 | UCJ4994 | ||
| 003 | CL-VaPUC | ||
| 005 | 20250227100122.0 | ||
| 008 | 070124e18470500UK |||||||||||||||||eng|d | ||
| 999 | |c 321108 |d 321106 | ||
| 040 | |c Pontificia Universidad Católica de Valparaíso | ||
| 082 | 0 | 4 | |a 910.4 EDW 1847 |2 21 |
| 100 | 0 | |a Edwards, William H |9 509628 | |
| 245 | 1 | 2 | |a A voyage up the river Amazon, including a residence at Pará. |
| 260 | 0 | 3 | |a London, England, United Kingdom |b John Murray. |c 1847 |
| 300 | |a 210 páginas. | ||
| 500 | |a Empastado junto a otra obra en un volumen rotulado Head's notes of the Pampas, ubicada en 910.4 HEA | ||
| 583 | |a last modification |c 20180611 01:06:36 |k Rodrigo Vera | ||
| 650 | 0 | |a Viajes |9 257115 | |
| 650 | 0 | |a Geografía física |9 259347 | |
| 650 | 0 | |a Desarrollo cultural |9 267526 | |
| 650 | 0 | |a Arquitectura |9 804558 | |
| 650 | 0 | |a Flora y fauna |9 338564 | |
| 650 | 0 | |a Recursos naturales |9 255232 | |
| 650 | 0 | |a Aborígenes |9 329972 | |
| 650 | 0 | |a Esclavos |9 258558 | |
| 651 | 0 | |a Brasil |9 267393 | |
| 651 | 7 | |a AMAZONIA |2 CL-VaPUC |9 317804 | |
| 942 | |c BK |2 ddc | ||
| 945 | |d 20070124 00:00:00 |a rinostro | ||
| 952 | |0 0 |1 0 |2 ddc |4 0 |6 910_400000000000000_EDW_1847 |7 0 |9 399774 |a FDOBUD |b FDOBUD |d 2019-11-22 |i 1024051 |o 910.4 EDW 1847 |p 1024051 |r 2019-11-22 |t 1 |w 2019-11-22 |y BK |k BUD | ||